01886nam a2200433 a 4500001001200000003000800012006001900020007001500039008004100054010001700095020004500112020004400157020002600201020001800227020002700245040002100272035002100293043002100314050002300335082001600358100006000374245012600434260003600560300001600596504006400612505019900676533015200875600006001027650001801087650002701105650002301132650003201155650003301187650004101220655002901261710001701290856012601307999001901433ebr10476877CaPaEBRm u cr cn|||||||||060807s2006 nyu sb 001 0deng d z 2006025958 z9780875864945 (trade paper : alk. paper) z9780875864952 (hard cover : alk. paper) z9780875864969 (ebook) z9780875865300 z9780875865324 (e-book) aCaPaEBRcCaPaEBR a(OCoLC)122258086 an-us---ae-ur---14aK3240b.A92 2006eb04a341.4/82221 aAvakov, Aleksandr V.q(Aleksandr Vladimirovich),d1954-10aPlato's dreams realizedh[electronic resource] :bsurveillance and citizen rights from KGB to FBI /cAlexander V. Avakov. aNew York :bAlgora Pub.,c2006. axii, 246 p. aIncludes bibliographical references (p. 207-236) and index.0 aThe subjective : US intelligence greets a Soviet dissident -- The objective : is there, objectively speaking, a problem of rights vs. national security state in America? -- Philosophy of rights. aElectronic reproduction.bPalo Alto, Calif. :cebrary,d2013.nAvailable via World Wide Web.nAccess may be limited to ebrary affiliated libraries.10aAvakov, Aleksandr V.q(Aleksandr Vladimirovich),d1954- 0aHuman rights. 0aFreedom of expression. 0aInternal security. 0aCivil rightszSoviet Union. 0aCivil rightszUnited States. 0aDissenterszSoviet UnionvBiography. 7aElectronic books.2local2 aebrary, Inc.40uhttp://site.ebrary.com/lib/rucke/Doc?id=10476877zAn electronic book accessible through the World Wide Web; click to view c116678d116678